[Event "Ljubljana-chT 64th Superliga"]
[Site "Ljubljana"]
[Date "2011.02.10"]
[Round "4.1"]
[White "Krumpak, Hinko"]
[Black "Groselj, Petra"]
[Result "1/2-1/2"]
[WhiteElo "2117"]
[BlackElo "2158"]
[PlyCount "100"]
[EventDate "2011.01.13"]
[EventType "team-tourn"]
[EventRounds "9"]
[EventCountry "SLO"]
[SourceTitle "EXT 2022"]
[Source "ChessBase"]
[SourceDate "2021.10.06"]
[SourceVersion "1"]
[SourceVersionDate "2021.10.06"]
[SourceQuality "1"]
[WhiteTeam "Visnja Gora Sticna"]
[BlackTeam "Domzale SD"]
[WhiteTeamCountry "SLO"]
[BlackTeamCountry "SLO"]

1. g3 g6 2. Bg2 Bg7 3. c4 d6 4. Nc3 Nf6 5. d3 0-0 6. Bd2 e5 7. Qc1 Nc6 8. Bh6 Nd4 9. Bxg7 Kxg7 10. e3 Ne6 11. b4 Nd7 12. Nge2 f5 13. f4 c6 14. a3 a5 15. Rb1 axb4 16. axb4 exf4 17. exf4 Qb6 18. Qb2 Nf6 19. b5 cxb5 20. Qxb5 Qe3 21. Nd1 Qxd3 22. Rb3 Qc2 23. Rb2 Qa4 24. Bxb7 Bxb7 25. Qxb7+ Rf7 26. Qb4 Qc6 27. 0-0 Nc5 28. Qd2 Nce4 29. Qd4 Ra4 30. Ne3 Rb7 31. Rxb7+ Qxb7 32. Nc3 Nxc3 33. Qxc3 Ra2 34. Ra1 Rxa1+ 35. Qxa1 Kf7 36. Nd5 Nxd5 37. cxd5 Qxd5 38. Qh8 Qd1+ 39. Kf2 Qd2+ 40. Kg1 Qe3+ 41. Kg2 Qe2+ 42. Kg1 Qh5 43. Qd4 Ke6 44. Qc4+ Kf6 45. Qc3+ Ke7 46. Qc7+ Ke6 47. Qc4+ Kd7 48. Qb5+ Ke7 49. Qb7+ Ke6 50. Qb3+ Ke7 1/2-1/2

[Event "Ljubljana-chT 64th Superliga"]
[Site "Ljubljana"]
[Date "2011.01.13"]
[Round "1.1"]
[White "Groselj, Petra"]
[Black "Galle, Leopold"]
[Result "1/2-1/2"]
[WhiteElo "2158"]
[BlackElo "2148"]
[PlyCount "31"]
[EventDate "2011.01.13"]
[EventType "team-tourn"]
[EventRounds "9"]
[EventCountry "SLO"]
[SourceTitle "EXT 2022"]
[Source "ChessBase"]
[SourceDate "2021.10.06"]
[SourceVersion "1"]
[SourceVersionDate "2021.10.06"]
[SourceQuality "1"]
[WhiteTeam "Domzale SD"]
[BlackTeam "Domzale SD"]
[WhiteTeamCountry "SLO"]
[BlackTeamCountry "SLO"]

1. e4 c5 2. Nf3 d6 3. d4 cxd4 4. Nxd4 Nf6 5. Nc3 a6 6. Bc4 e6 7. Bb3 b5 8. 0-0 Be7 9. Qe2 0-0 10. f4 Bb7 11. Bxe6 fxe6 12. Nxe6 Qc8 13. Nxf8 Bxf8 14. e5 Nd5 15. Nxd5 Bxd5 16. Re1 1/2-1/2

[Event "SLO-chT Central Superliga 11th"]
[Site "Slovenia"]
[Date "2010.10.07"]
[Round "4.2"]
[White "Gantar, Jan"]
[Black "Groselj, Petra"]
[Result "1-0"]
[WhiteElo "2122"]
[BlackElo "2178"]
[PlyCount "71"]
[EventDate "2010.09.09"]
[EventType "team-tourn"]
[EventRounds "9"]
[EventCountry "SLO"]
[SourceTitle "EXT 2022"]
[Source "ChessBase"]
[SourceDate "2021.10.06"]
[SourceVersion "1"]
[SourceVersionDate "2021.10.06"]
[SourceQuality "1"]
[WhiteTeam "Komenda Popotnik"]
[BlackTeam "Domzale SD"]
[WhiteTeamCountry "SLO"]
[BlackTeamCountry "SLO"]

1. e4 c5 2. Nc3 Nc6 3. Nge2 g6 4. d4 cxd4 5. Nxd4 Bg7 6. Nde2 Nf6 7. g3 b5 8. Bg2 b4 9. Nd5 Rb8 10. 0-0 h6 11. Rb1 d6 12. b3 Nd7 13. Bb2 Bxb2 14. Rxb2 0-0 15. Qd2 Kh7 16. c4 bxc3 17. Qxc3 Nce5 18. f4 Ng4 19. h3 Ngf6 20. Rc1 Nxd5 21. exd5 Qb6+ 22. Nd4 Nc5 23. Rf2 Ba6 24. Rd1 Rbc8 25. Qe3 e6 26. dxe6 Nxe6 27. f5 gxf5 28. Nxf5 Qxe3 29. Nxe3 Rc3 30. Rxd6 Bb5 31. Nf5 Bd3 32. Nxh6 Ng5 33. Nxf7 Rc1+ 34. Kh2 Ne4 35. Bxe4+ Bxe4 36. Ng5+ 1-0